000 00330nam a2200145Ia 4500
008 210210b1929 xxu||||| |||| 00| 0 eng d
041 _aeng
082 _a822/18
100 _aADDISON (J)
245 _aEssays
260 _aLondon
_bMacmillan & Co. Ltd.
_c1929
650 _aEssays
690 _aEnglish Prose
906 _a012204
999 _c130979
_d130979